00787nam a2200169Ia 4500008004100000020001400041050001600055100002200071245005100093250001900144260005300163300001800216490005600234500005800290505024500348650002400593120626s1995 mx 000 0 spa d a968160172 aBD232 b F7 aFrondizi, Risieri a¿Qué son los valores ?c/ Risieri, Frondizi a3a. edición  aMéxicob: Fondo de Cultura Económicac, 1995 a126 páginas aBrevarios del Fondo de Cultura Económica v: 135  aIncluye: Prólogo a la segunda edición (pp. 7 - 8) a¿Qué son los valores? Problemas fundamentales de la axiología Las doctrinas subjetivistas Scheler y el apriorismo material de los valores Crítica al subjetivismo y objetivismo axiológicos Valor, estructura y situación  0aVALORES (FILOSOFIA)